Strength evaluation of visual text captchas [project report MSCSE-1] (Record no. 10720)

000 -LEADER
fixed length control field 00567 a2200133 4500
082 ## - DEWEY DECIMAL CLASSIFICATION NUMBER
Classification number 378.242
100 ## - MAIN ENTRY--PERSONAL NAME
Personal name Yousra Javed
9 (RLIN) 106847
245 ## - TITLE STATEMENT
Title Strength evaluation of visual text captchas [project report MSCSE-1]
Statement of responsibility, etc. Yousra Javed
260 ## - PUBLICATION, DISTRIBUTION, ETC.
Place of publication, distribution, etc. Islamabad
Name of publisher, distributor, etc. NUST School of Electrical Engineering and Computer Science
Date of publication, distribution, etc. 2011
300 ## - PHYSICAL DESCRIPTION
Extent x, 46p.
Other physical details ill.:
Dimensions 36cm
Accompanying material CD-ROM
500 ## - GENERAL NOTE
General note Supervisors: Dr. Syed Ali Khayam, Dr. M. Murtaza Khan, Dr. Fauzan Mirza, Dr. Khawar Khurshid
856 ## - ELECTRONIC LOCATION AND ACCESS
Uniform Resource Identifier <a href="http://10.250.8.41:8080/xmlui/handle/123456789/32022">http://10.250.8.41:8080/xmlui/handle/123456789/32022</a>
942 ## - ADDED ENTRY ELEMENTS (KOHA)
Koha item type Project Report
Call number prefix 378.242 YOU
Source of classification or shelving scheme
Holdings
Withdrawn status Lost status Source of classification or shelving scheme Damaged status Not for loan Permanent Location Current Location Date acquired Full call number Barcode Date last seen Price effective from Koha item type
          Central Library (CL) Central Library (CL) 08/07/2024 378.242 YOU SEECSP01087 11/14/2012 11/14/2012 Project Report
© 2023 Central Library, National University of Sciences and Technology. All Rights Reserved.